01188nam a2200205Ia 4500952010600000952010600106952010600212999001700318008004100335050001900376100002700395245005100422260003300473300001800506490004700524505031200571519006100883650003100944942000700975 00104070a11b11d2007-01-08l7oBF637.E5 N32p11 003028r2020-03-14s2020-03-14t1w2012-06-26yLB 00104070a11b11d2007-01-08l9oBF637.E5 N32p11 003034r2019-10-15s2019-10-15t2w2012-06-26yLB 00104070a11b11d2007-01-08l7oBF637.E5 N32p11 003259r2019-07-01s2019-07-01t3w2012-06-26yLB c70077d70077120626s1961 mx 000 0 und d aBF637.E5 bN32 aNahoum, Charleseautor aLa entrevista Psicológica c/ Charles Namoum aMéxicob: Kapeluszc, 1961 a169 páginas aBiblioteca de psicología contemporánea aLa entrevista de encuesta o de investigación La entrevista de orientación. Problemas generales La entrevista de orientación. Problemas prácticos Las entrevistas de selección y de control de trabajo Táctica y "errores" en el desarrollo de la entrevista El entrevistador y su formación aMaterial complementario / bPsicología / d(11 003034) 0aENTREVISTA EN PSICOLOGÍA cLB